[Event "Poronin Tatra Limba op"]
[Site "Poronin"]
[Date "2022.01.10"]
[Round "8"]
[White "Wysocki, Mateusz"]
[Black "Zylka, Stanislaw"]
[Result "0-1"]
[WhiteElo "1848"]
[BlackElo "2400"]
[PlyCount "134"]
[EventDate "2022.01.06"]
[EventType "swiss"]
[EventRounds "9"]
[EventCountry "POL"]
[SourceTitle "CBM 206 Extra"]
[Source "ChessBase"]
[SourceDate "2022.03.31"]
[SourceVersion "1"]
[SourceVersionDate "2022.03.31"]
[SourceQuality "1"]

1. e4 g6 2. d4 Bg7 3. Nc3 a6 4. a4 d6 5. h3 Nc6 6. Nf3 e5 7. Be3 Nge7 8. Bc4 h6 9. 0-0 0-0 10. dxe5 dxe5 11. Qxd8 Rxd8 12. Rfd1 Nd4 13. Bxd4 exd4 14. Ne2 b6 15. Nfxd4 Bb7 16. c3 Bxe4 17. Ng3 Bb7 18. Nde2 Kf8 19. Nf1 h5 20. Ne3 Bh6 21. Rxd8+ Rxd8 22. Rd1 Rxd1+ 23. Nxd1 Nf5 24. Bd3 Ng7 25. f3 Ne6 26. Kf2 Nc5 27. Bc2 Bc6 28. b3 h4 29. Ne3 Bg7 30. Nd4 Bb7 31. Ke2 Ke7 32. b4 Nd7 33. Be4 Bxe4 34. fxe4 c5 35. Nf3 Kd6 36. Kd3 b5 37. axb5 axb5 38. Ng4 Bf8 39. Nxh4 cxb4 40. cxb4 Ne5+ 41. Nxe5 Kxe5 42. g3 Bxb4 43. Nf3+ Kd6 44. Nd4 Kc5 45. Nb3+ Kb6 46. Kd4 Kc6 47. g4 Be1 48. Nc1 Kd6 49. Nd3 Bg3 50. e5+ Ke6 51. Nc5+ Ke7 52. Ne4 Be1 53. Ng5 Bf2+ 54. Kd5 Be3 55. Nf3 b4 56. Kc4 Ke6 57. Kxb4 Kd5 58. Kc3 Ke4 59. Ne1 Bg5 60. Nd3 Bh6 61. h4 Bg7 62. h5 g5 63. Kc4 Ke3 64. Kd5 Kxd3 65. e6 fxe6+ 66. Kxe6 Ke4 67. Kf7 Bc3 0-1

[Event "POL-ch U17 Qual"]
[Site "Jastrzebia Gora"]
[Date "2021.11.16"]
[Round "3"]
[White "Zielinski, Sebastian"]
[Black "Wysocki, Mateusz"]
[Result "0-1"]
[WhiteElo "1579"]
[BlackElo "1955"]
[PlyCount "92"]
[EventDate "2021.11.15"]
[EventType "swiss"]
[EventRounds "9"]
[EventCountry "POL"]
[SourceTitle "EXT 2023"]
[Source "ChessBase"]
[SourceDate "2022.10.05"]
[SourceVersion "1"]
[SourceVersionDate "2022.10.05"]
[SourceQuality "1"]

1. c4 Nf6 2. g3 g6 3. Bg2 Bg7 4. Nc3 d6 5. e3 Nc6 6. Nge2 0-0 7. 0-0 e5 8. a3 a5 9. d3 Be6 10. e4 Qd7 11. Nd5 Ne8 12. f4 f5 13. Rb1 a4 14. Be3 Nd4 15. Bxd4 exd4 16. Kh1 Qd8 17. exf5 Bxf5 18. Ng1 c6 19. Nb4 Qd7 20. h3 h5 21. Kh2 Nc7 22. Re1 Bf6 23. Be4 Ra5 24. Bxf5 Rxf5 25. Ne2 Ra5 26. Nc2 Ne6 27. Rg1 d5 28. b3 axb3 29. Rxb3 Nc5 30. Rb4 Ne6 31. Qb1 dxc4 32. Rxb7 Qd6 33. dxc4 d3 34. Ne3 Bg7 35. Nc1 Rxa3 36. Rb3 Rxb3 37. Qxb3 d2 38. c5 Qd7 39. Nd3 Kh7 40. Rd1 Nd4 41. Qc4 Qe7 42. Ne5 Bxe5 43. fxe5 Qxe5 44. Ng2 Rf2 45. Kh1 Qe4 46. Rg1 d1Q 0-1

[Event "POL-ch U16"]
[Site "Szklarska Poreba"]
[Date "2020.03.13"]
[Round "7"]
[White "Wysocki, Mateusz"]
[Black "Redzisz, Michal"]
[Result "1/2-1/2"]
[WhiteElo "1864"]
[BlackElo "2105"]
[PlyCount "98"]
[EventDate "2020.03.07"]
[EventType "swiss"]
[EventRounds "8"]
[EventCountry "POL"]
[SourceTitle "CBM 195 Extra"]
[Source "ChessBase"]
[SourceDate "2020.05.31"]
[SourceVersion "1"]
[SourceVersionDate "2020.05.31"]
[SourceQuality "1"]

1. e4 c6 2. Nc3 d5 3. Nf3 Bg4 4. h3 Bxf3 5. Qxf3 e6 6. Qg3 dxe4 7. Nxe4 Nh6 8. Qb3 Qc7 9. d4 Nf5 10. c3 Nd7 11. Be2 Nf6 12. Nxf6+ gxf6 13. Bg4 Nh4 14. g3 Ng6 15. Bh5 0-0-0 16. Be3 f5 17. f4 Kb8 18. 0-0-0 Bg7 19. Rhf1 Rd7 20. Qa4 Rhd8 21. Bg1 b6 22. Qc4 Bh6 23. Kb1 Qd6 24. Rfe1 Kb7 25. a4 Qd5 26. Qe2 Qa5 27. Qc2 Bg7 28. Bf3 b5 29. axb5 Qxb5 30. Re3 Qa6 31. c4 Ka8 32. Ra3 Qc8 33. Qa4 Ne7 34. Rad3 Qc7 35. R1d2 Rb8 36. Kc1 Rbd8 37. b4 e5 38. fxe5 Bh6 39. b5 Bxd2+ 40. Rxd2 Rb8 41. Kd1 f6 42. e6 Qxg3 43. Bg2 Rdb7 44. Ra2 Qd3+ 45. Ke1 Qc3+ 46. Kf1 Qd3+ 47. Ke1 Qc3+ 48. Kf1 Qd3+ 49. Ke1 Qc3+ 1/2-1/2

[Event "POL-ch U16"]
[Site "Szklarska Poreba"]
[Date "2020.03.11"]
[Round "5"]
[White "Wysocki, Mateusz"]
[Black "Strepikowski, Pawel"]
[Result "1-0"]
[WhiteElo "1864"]
[BlackElo "1676"]
[PlyCount "117"]
[EventDate "2020.03.07"]
[EventType "swiss"]
[EventRounds "8"]
[EventCountry "POL"]
[SourceTitle "CBM 195 Extra"]
[Source "ChessBase"]
[SourceDate "2020.05.31"]
[SourceVersion "1"]
[SourceVersionDate "2020.05.31"]
[SourceQuality "1"]

1. e4 Nc6 2. d4 d6 3. Nc3 Nf6 4. d5 Nb8 5. f3 g6 6. Be3 Bg7 7. Qd2 0-0 8. Nge2 c6 9. dxc6 bxc6 10. g4 Nbd7 11. Ng3 Qa5 12. Be2 Rb8 13. Nd1 Qxd2+ 14. Kxd2 c5 15. c3 Nb6 16. h4 Be6 17. b3 a5 18. Kc2 c4 19. Rb1 Rfc8 20. b4 axb4 21. Rxb4 Nbd7 22. Rxb8 Rxb8 23. Nb2 d5 24. g5 Ne8 25. exd5 Bxd5 26. Rd1 e6 27. Bd4 Nb6 28. Ne4 Bxd4 29. Rxd4 Ra8 30. a4 Nxa4 31. Nxc4 Rc8 32. Ne3 Bxe4+ 33. fxe4 Nxc3 34. Bc4 Na4 35. Kd2 Nb6 36. Bb5 Kf8 37. Ng4 Ke7 38. Bd3 Nd6 39. Rb4 Nd7 40. e5 Nf5 41. Rb7 Rb8 42. Ra7 Nd4 43. Kc3 Nc6 44. Rc7 Rb6 45. Be4 Ncb8 46. Rc8 Rb5 47. Kd4 Rb4+ 48. Ke3 Na6 49. Nf6 Nxf6 50. gxf6+ Kd7 51. Rf8 Nc5 52. Rxf7+ Ke8 53. Re7+ Kf8 54. Bc6 Rxh4 55. Rc7 Rh3+ 56. Ke2 Rh2+ 57. Kf3 Rh3+ 58. Kg4 Rc3 59. Rc8+ 1-0

[Event "POL-ch U16"]
[Site "Szklarska Poreba"]
[Date "2020.03.07"]
[Round "1"]
[White "Wysocki, Mateusz"]
[Black "Luczak, Filip"]
[Result "0-1"]
[WhiteElo "1864"]
[BlackElo "2179"]
[PlyCount "110"]
[EventDate "2020.03.07"]
[EventType "swiss"]
[EventRounds "8"]
[EventCountry "POL"]
[SourceTitle "CBM 195 Extra"]
[Source "ChessBase"]
[SourceDate "2020.05.31"]
[SourceVersion "1"]
[SourceVersionDate "2020.05.31"]
[SourceQuality "1"]

1. d4 Nf6 2. c4 g6 3. Nc3 Bg7 4. e4 d6 5. f3 0-0 6. Be3 c5 7. d5 e6 8. Qd2 exd5 9. cxd5 a6 10. a4 Re8 11. Be2 Qe7 12. Bd3 Nbd7 13. Nge2 Ne5 14. 0-0 Rb8 15. a5 Nxd3 16. Qxd3 Nd7 17. Bf2 Ne5 18. Qc2 f5 19. Kh1 Rf8 20. Rab1 Qc7 21. Ra1 Bd7 22. Ng3 f4 23. Nge2 g5 24. Na4 Bb5 25. Nb6 Qf7 26. Ra3 Qh5 27. Bg1 Rf6 28. b4 cxb4 29. Rb3 Rbf8 30. Rf2 g4 31. Nd4 g3 32. Rd2 gxh2 33. Bf2 Bf1 34. Be1 Rg6 35. Rf2 Bb5 36. Ne6 Rxe6 37. dxe6 Nc6 38. Qd2 Bd4 39. Nd5 Qe5 40. Nxb4 Bxf2 41. Bxf2 Qxe6 42. Nd5 Qe5 43. Rb1 Rf7 44. Rc1 h6 45. Bb6 Kh7 46. Rd1 Bc4 47. Kxh2 Qg5 48. Qf2 Ne5 49. Bd4 Bxd5 50. Bxe5 Bb3 51. Rb1 Qxe5 52. Rxb3 Qh5+ 53. Kg1 Qxa5 54. Qd4 Rg7 55. Qd1 Qa2 0-1

[Event "POL-chT U20 2nd League"]
[Site "Sypniewo"]
[Date "2020.??.??"]
[Round "5.19"]
[White "Majocha, Piotr"]
[Black "Wysocki, Mateusz"]
[Result "1/2-1/2"]
[WhiteElo "2074"]
[BlackElo "1855"]
[PlyCount "74"]
[EventDate "2020.10.23"]
[EventType "team-swiss"]
[EventRounds "9"]
[EventCountry "POL"]
[SourceTitle "CBM 199 Extra"]
[Source "ChessBase"]
[SourceDate "2021.01.31"]
[SourceVersion "1"]
[SourceVersionDate "2021.01.31"]
[SourceQuality "1"]

1. c4 Nf6 2. Nf3 g6 3. d4 Bg7 4. Nc3 0-0 5. e4 d6 6. h3 c5 7. d5 e6 8. Bd3 exd5 9. exd5 Re8+ 10. Be3 Nh5 11. 0-0 f5 12. Qd2 Nd7 13. Bg5 Bf6 14. Bxf6 Nhxf6 15. Rae1 Ne5 16. Nxe5 dxe5 17. f3 a6 18. Rf2 f4 19. Ne4 Nxe4 20. Bxe4 Qd6 21. Rfe2 Bd7 22. Bd3 Re7 23. a3 Kg7 24. Qc3 Kf6 25. Re4 g5 26. R4e2 h5 27. Bc2 Rg8 28. Kf2 b5 29. b3 Rge8 30. Qd3 Rg8 31. Qc3 b4 32. Qb2 Rge8 33. a4 Rh8 34. Bb1 Rg8 35. Rh1 a5 36. Qc2 Rgg7 37. Ke1 Kf7 1/2-1/2

[Event "Rubinstein Memorial-A 55th"]
[Site "Polanica Zdroj"]
[Date "2019.08.19"]
[Round "3"]
[White "Wysocki, Mateusz"]
[Black "Niedbala, Bartlomiej"]
[Result "1-0"]
[WhiteElo "1786"]
[BlackElo "2169"]
[PlyCount "113"]
[EventDate "2019.08.17"]
[EventType "swiss"]
[EventRounds "9"]
[EventCountry "POL"]
[SourceTitle "EXT 2020"]
[Source "ChessBase"]
[SourceDate "2019.10.17"]
[SourceVersion "1"]
[SourceVersionDate "2019.10.17"]
[SourceQuality "1"]

1. e4 Nf6 2. e5 Nd5 3. d4 d6 4. c4 Nb6 5. exd6 cxd6 6. Nf3 g6 7. Be2 Bg7 8. 0-0 0-0 9. Be3 Bg4 10. Nbd2 Nc6 11. h3 Bxf3 12. Nxf3 d5 13. c5 Nc4 14. Bxc4 dxc4 15. Rc1 Qd5 16. Qa4 Rfd8 17. Rfd1 Rd7 18. Qxc4 Rad8 19. Rd2 Qf5 20. Rcd1 Rd5 21. b4 a6 22. a4 a5 23. bxa5 Nxa5 24. Qb4 Ra8 25. Qb5 Bf6 26. Ne1 Qc8 27. Nc2 Nc6 28. Nb4 Nxb4 29. Qxb4 Qc6 30. a5 e6 31. Rb1 Rd7 32. Qb5 Qc8 33. Rb4 Ra6 34. Qa4 Bd8 35. Rb5 Qc6 36. Qb4 Qc8 37. Rb2 Ra7 38. Rb1 Qc6 39. Bd2 h5 40. Bc3 Kh7 41. Qb3 Kg8 42. Qc2 Rd5 43. Qe2 Rg5 44. f3 Rd5 45. Qe4 Bc7 46. Kf1 Kh7 47. Qe3 Rf5 48. R1b3 Qd5 49. Kg1 Rf4 50. c6 Qxc6 51. d5 Qa6 52. dxe6 fxe6 53. Rc5 b5 54. Rxc7+ Rxc7 55. Qxf4 Qa7+ 56. Bd4 Qxa5 57. Qe5 1-0

[Event "Rubinstein Memorial-A 55th"]
[Site "Polanica Zdroj"]
[Date "2019.08.17"]
[Round "1"]
[White "Wysocki, Mateusz"]
[Black "Praczukowski, Stanislaw"]
[Result "1/2-1/2"]
[WhiteElo "1786"]
[BlackElo "2126"]
[PlyCount "76"]
[EventDate "2019.08.17"]
[EventType "swiss"]
[EventRounds "9"]
[EventCountry "POL"]
[SourceTitle "EXT 2020"]
[Source "ChessBase"]
[SourceDate "2019.10.17"]
[SourceVersion "1"]
[SourceVersionDate "2019.10.17"]
[SourceQuality "1"]

1. e4 c5 2. Nf3 d6 3. d4 cxd4 4. Qxd4 a6 5. c4 Nc6 6. Qe3 Bg4 7. Be2 Nf6 8. 0-0 g6 9. Nc3 Bg7 10. Bd2 0-0 11. Rac1 Nd7 12. b3 Bxf3 13. Bxf3 Nd4 14. Ne2 Nxf3+ 15. Qxf3 b5 16. cxb5 axb5 17. Rc2 Qb6 18. Qe3 Qb7 19. Rfc1 Rfc8 20. Rxc8+ Rxc8 21. Rxc8+ Qxc8 22. Bc3 Ne5 23. f3 Qa6 24. Qd2 h5 25. Bd4 Qa3 26. Kf1 b4 27. h3 Qa6 28. Kg1 Nd3 29. Bxg7 Kxg7 30. Nd4 Nc5 31. Kh2 Qf1 32. Nc6 Nd3 33. Nxe7 h4 34. Nf5+ gxf5 35. Qg5+ Kf8 36. Qd8+ Kg7 37. Qg5+ Kf8 38. Qd8+ Kg7 1/2-1/2